Central Library || Chittagong University

Programming exercises for problem - oriented languages./ (Record no. 110227)

MARC details
000 -LEADER
fixed length control field 00487nam a22001697a 4500
003 - CONTROL NUMBER IDENTIFIER
control field BD-ChCU
005 - DATE AND TIME OF LATEST TRANSACTION
control field 20251208122306.0
008 - FIXED-LENGTH DATA ELEMENTS--GENERAL INFORMATION
fixed length control field 251208b bg ||||| |||| 00| 0 ben d
040 ## - CATALOGING SOURCE
Transcribing agency BD-ChCU
082 ## - DEWEY DECIMAL CLASSIFICATION NUMBER
Classification number 510 STP
100 ## - MAIN ENTRY--PERSONAL NAME
Personal name Steinbach , Robert C.
9 (RLIN) 17678
245 ## - TITLE STATEMENT
Title Programming exercises for problem - oriented languages./
Statement of responsibility, etc. Robert C. Steinbach.
260 ## - PUBLICATION, DISTRIBUTION, ETC.
Place of publication, distribution, etc. London :
Name of publisher, distributor, etc. Glencoe press ,
Date of publication, distribution, etc. C 1969
300 ## - PHYSICAL DESCRIPTION
Extent xi ,114p
650 #0 - SUBJECT ADDED ENTRY--TOPICAL TERM
Topical term or geographic name entry element Mathematics .
9 (RLIN) 17682
942 ## - ADDED ENTRY ELEMENTS (KOHA)
Source of classification or shelving scheme Dewey Decimal Classification
Koha item type Books
Suppress in OPAC No
Holdings
Withdrawn status Lost status Source of classification or shelving scheme Damaged status Not for loan Home library Current library Shelving location Date acquired Source of acquisition Total Checkouts Full call number Barcode Date last seen Copy number Price effective from Koha item type
    Dewey Decimal Classification     Chittagong University Library Chittagong University Library Science Reading Room 12/08/2025 Purchase   510 STP 62629 12/08/2025 C-1 12/08/2025 Books
    Dewey Decimal Classification     Chittagong University Library Chittagong University Library Science Reading Room 12/08/2025 Purchase   510 STP 62630 12/08/2025 C-2 12/08/2025 Books
© Copyright 2025. Chittagong University Library, Installation and Maintenance by Prof. Dr. Md. Alamgir, 01711306253